000 00699nam a2200205Ia 4500
005 20250103123328.0
008 008 250103s9999 xx 000 0 hin d
020 _a978-93-5072-979-3
037 _aTB
040 _aCRL
_bhin
_cCRL
041 _ahin
_2hin
084 _aNW44 152R2
_qCRL
100 _aप्रियदर्शन, ले.
245 0 _aनये दौर का नया सिनेमा
_cप्रियदर्शन, ले.
260 _aनई दिल्ली, भारत
_bवाणी प्रकाशन
_c2022
300 _a99पृ0
650 _aललित कला
_9156314
942 _cTB
_hNW44 152R2
999 _c1234390
_d1234390